Entry Nombre personal
001 - NÚMERO DE CONTROL
- campo de control: 106411
003 - IDENTIFICADOR DE NÚMERO DE CONTROL
- campo de control: SpMaBN
005 - FECHA Y HORA DE LA ÚLTIMA TRANSACCIÓN
- campo de control: 20250815061054.0
008 - ELEMENTOS DE DATO DE LONGITUD-FIJA
- campo de control de longitud fija: 920917nn ainnnaabn a aaa
016 ## - NÚMERO DE CONTROL DE UNA AGENCIA BIBLIOGRÁFICA NACIONAL
- Número de control del registro: BNE19931327845
024 7# - IDENTIFICADOR DE OTROS ESTÁNDARES
- Número estándar o código: http://viaf.org/viaf/24656848/
- Fuente: viaf
024 8# - IDENTIFICADOR DE OTROS ESTÁNDARES
- Número estándar o código: https://data.cervantesvirtual.com/person/34187
024 7# - IDENTIFICADOR DE OTROS ESTÁNDARES
- Número estándar o código: https://isni.org/isni/0000000089666685
- Fuente: isni
024 7# - IDENTIFICADOR DE OTROS ESTÁNDARES
- Número estándar o código: http://www.wikidata.org/entity/Q2355082
- Fuente: wikidata
040 ## - FUENTE DE CATALOGACIÓN
- Centro catalogador/agencia de origen: SpMaBN
- Lengua de catalogación: spa
- Centro/agencia transcriptor: SpMaBN
- Normas de descripción: rdc
- Convención/Normas de encabezamiento de materia/tesauro: embne
046 ## - FECHAS CON CODIFICACIÓN ESPECIAL
- Fecha de nacimiento: 1550
- Fecha de la muerte: 1624
100 1# - ENCABEZAMIENTO-NOMBRE DE PERSONA
- Nombre de persona: Silva y Figueroa, García de,
- Fechas asociadas al nombre: 1550-1624
370 ## - LUGAR ASOCIADO
- Lugar de nacimiento: Zafra, Badajoz, España
- Fuente de información: (Wikidata)
- Número de control del registro de autoridad o número normalizado: XX451969
374 ## - OCUPACIÓN
- Ocupación: Arqueólogos
- Ocupación: Diplomáticos
- Ocupación: Escritores
- Ocupación: Exploradores
- Fuente de información: Wikidata
375 ## - GÉNERO/SEXO
- Género: Masculino
- Fuente de información: Wikidata
377 ## - IDIOMA ASOCIADO
- Término de lengua/lenguaje: Español
400 1# - TRAZADO DE VÉASE--NOMBRE DE PERSONA
- Nombre de persona: Silva Figueroa, García de,
- Fechas asociadas al nombre: 1550-1624
400 1# - TRAZADO DE VÉASE--NOMBRE DE PERSONA
- Nombre de persona: Silva, García de,
- Fechas asociadas al nombre: 1550-1624
670 ## - FUENTE DE DATOS ENCONTRADOS
- Cita de la fuente: Comentarios de don García de Silva que contienen su viaje a la India y de ella a Persia, cosas notables que vió en él y los sucesos de la embajada al Sophi, 1614-1624
- Información encontrada: port. (García de Silva)
670 ## - FUENTE DE DATOS ENCONTRADOS
- Cita de la fuente: Comentarios de D. García de Silva y Figueroa de la Embajada que de parte del rey de España Don Felipe III hizo al rey Xa Abas de Persia, 1903-1905
670 ## - FUENTE DE DATOS ENCONTRADOS
- Cita de la fuente: Enciclopedia universal ilustrada, 1987
- Información encontrada: (García de Silva y Figueroa; n. en Zafra en 1550, m. en alta mar en 1624; viajero y diplomático español)
